[Event "SVR-op 30th"]
[Site "Nickenich"]
[Date "2007.04.06"]
[Round "6"]
[White "Steinhauser, Michaela"]
[Black "Prizker, Angelique"]
[Result "1/2-1/2"]
[WhiteElo "1222"]
[BlackElo "1066"]
[PlyCount "58"]
[EventDate "2007.03.31"]
[EventType "swiss"]
[EventRounds "7"]
[EventCountry "GER"]
[SourceTitle "EXT 2009"]
[Source "ChessBase"]
[SourceDate "2008.11.26"]
[SourceVersion "1"]
[SourceVersionDate "2008.11.26"]
[SourceQuality "1"]

1. e4 e5 2. Nf3 Nc6 3. d4 exd4 4. Nxd4 Bc5 5. Be3 Qf6 6. c3 Nge7 7. g3 d5 8. Bg2 Nxd4 9. cxd4 Bb4+ 10. Nd2 0-0 11. exd5 Rd8 12. 0-0 Nxd5 13. Bxd5 Rxd5 14. a3 Ba5 15. Re1 Bh3 16. Qa4 Bxd2 17. Bg5 b5 18. Bxf6 bxa4 19. Re5 Rxe5 20. Bxe5 Rb8 21. d5 Rd8 22. Bxc7 Rxd5 23. Rd1 Rc5 24. Bf4 Rc1 25. Rxc1 Bxc1 26. Bxc1 h6 27. f3 g5 28. Kf2 Kg7 29. f4 f6 1/2-1/2